|
|
|
|
| LEADER |
00622nam a22001817a 4500 |
| 008 |
161111b xxu||||| |||| 00| 0 eng d |
| 020 |
|
|
|a 9788183763554
|
| 082 |
|
|
|a 923.6
|b AMB/JYO
|
| 100 |
|
|
|a Jyothi Devindra S.
|
| 245 |
|
|
|a Social philosophy of B.R. Ambedkar /
|c Jyothi Devindra S.
|
| 250 |
|
|
|a 1st ed.
|
| 260 |
|
|
|a Jaipur :
|b ABD Publishers,
|c 2011.
|
| 300 |
|
|
|a 208p.
|
| 600 |
|
|
|a Ambedkar
|
| 650 |
|
|
|a Social philosophy
|
| 942 |
|
|
|2 ddc
|c BK
|
| 999 |
|
|
|c 15813
|d 15813
|
| 952 |
|
|
|0 0
|1 0
|2 ddc
|4 0
|6 923_600000000000000_AMB_JYO
|7 0
|9 22281
|a MAIN
|b MAIN
|d 2016-11-11
|e Pai Brothers
|g 695.00
|o 923.6 AMB/JYO
|p 22341
|r 2016-11-11
|t 1
|w 2016-11-11
|y BK
|